Представление документа в формате MARC21

Поле Инд. ПП Название Значение
Тип записи a
Библиографический уровень m
001 Контрольный номер 3abb32a8-28fb-11da-83c3-0008a11c4c18
005 Дата корректировки 20140703135852.2
008 Кодируемые данные 050919
020 c Цена, тираж б/ц
040 a Служба первич. каталог. НБ ТвГУ
041 a Код языка текста rus
080 a Индекс УДК 1(430)(091)
a Индекс УДК 1(430)(092)"17"(043.3)
a Индекс УДК 929Кант
084 a Индекс другой классификации/Индекс ББК Ю3(4ГЕМ)5-563я031
090 x Авторский знак В27
a Полочн. индекс Ю3(4ГЕМ)
100 1_ a Автор Великотный Алексей Михайлович
245 10 a Заглавие И. Кант и проблема творческого воображения в экзистенциально-герменевтической философии
b Продолж. заглавия дис. ... канд. филос. наук : 09.00.03
c Ответственность Твер. гос. ун-т
260 1_ a Место издания Тверь
c Дата издания 2005
300 a Объем 239 с.
500 a Примечание На правах рукоп.
502 a Примечание о диссертации Дис. (канд.). - Твер. гос. ун-т, 2005
504 a Библиография Библиогр.: с. 230-239.
583 a Действие Получение впервые 271 19.09.2005
650 a Основная рубрика Кант, Иммануил, о нем
650 a Основная рубрика Немецкая философия
650 a Основная рубрика История
x Основная подрубрика Философия
653 a Ключевые слова Кант
a Ключевые слова Кантоведение
a Ключевые слова Немецкая философия
a Ключевые слова История философии
a Ключевые слова Философия истории
a Ключевые слова Диссертации
a Ключевые слова Персоналии
a Ключевые слова Труды Тверского государственного университета
710 a Организация/ юрисдикция Тверской государственный университет
852 t Порядковый номер экземпляра 1
p Инвентарный номер б/н
888 a Бесплатные
930 a Новая/Ретро диссертации
a Новая/Ретро персоналии
952 p 271.2005 б/ц 1 б/н
c Вид литературы Дис н
954 a Дата поступления на обработку 20050921
999 a Подразделение 2 ч.з.